| 000 | 01051nab a2200229 i 4500 | ||
|---|---|---|---|
| 001 | 768714001 | ||
| 003 | CO-MdFUSB | ||
| 005 | 20240607114829.0 | ||
| 008 | 240607t1980 ag ||||| |||| 00| 0 spa d | ||
| 040 |
_bspa _cCO-MdFUSB _dCO-MdFUSB |
||
| 041 | _aspa | ||
| 100 |
_aDenton, A. Robert, _eautor |
||
| 245 |
_aDrogas y religión _c/ A. Robert Denton |
||
| 520 | _a"La falta de piedad de un hombre, su preocupación por el poder, la riqueza y su propio ego indican que está perdido y, por tanto, condenado". En esta situación el adicto con orientación religiosa usa las drogas en busca de identidad, significado, éxtasis, trascendencia y personalización. | ||
| 650 | 0 |
_aExperiencia religiosa _9952 |
|
| 650 | 7 |
_aAntropología cultural y social _96714 |
|
| 650 | 7 |
_aReligiones _9386 |
|
| 650 | 7 |
_aÉtica cristiana _9185 |
|
| 773 | 0 |
_069974 _982719 _dBuenos Aires _oR2611 _tCerteza _w(CO-MdFUSB)768714001 _gNúmero 77, (abril - junio, 1980) páginas: 132 - 133 _qpágina: 132 |
|
| 942 | _cANA | ||
| 945 | _aCatherine Arias Álvarez - Practicante SENA | ||
| 999 |
_c70095 _d70095 |
||